La Tutela judicial del crédito (Registro nro. 161465)

Detalles MARC
000 -LEADER
fixed length control field 01331nam a2200313 a 4500
007 - PHYSICAL DESCRIPTION FIXED FIELD--GENERAL INFORMATION
fixed length control field cr|||| |||
008 - FIXED-LENGTH DATA ELEMENTS--GENERAL INFORMATION
fixed length control field 060203s2006 spc|||||| 000 ||spa|c
020 ## - INTERNATIONAL STANDARD BOOK NUMBER
International Standard Book Number 847698748X
035 ## -
-- 1224
040 ## - CATALOGING SOURCE
Modifying agency vLex
043 ## -
-- e-sp---
-- e-sp---
-- catmarc
080 ## -
-- 347.74(460)
090 ## -
-- 3052
-- 3052
100 1# - MAIN ENTRY--PERSONAL NAME
Personal name Picó i Junoy, Joan
245 13 - TITLE STATEMENT
Title La Tutela judicial del crédito
Medium [Recurso electrónico] :
Remainder of title estudio práctico de los procesos monitorio y cambiario /
Statement of responsibility, etc Joan Picó i Junoy, Federico Adán Domenech
256 ## -
-- Servicio en línea
260 ## - PUBLICATION, DISTRIBUTION, ETC. (IMPRINT)
Place of publication, distribution, etc Barcelona :
Name of publisher, distributor, etc J.M. Bosch,
Date of publication, distribution, etc 2006
300 ## - PHYSICAL DESCRIPTION
Extent 1 recurso electrónico
504 ## - BIBLIOGRAPHY, ETC. NOTE
Bibliography, etc Referencias bibliográficas
506 1# - RESTRICTIONS ON ACCESS NOTE
Terms governing access Contenido solo disponible en los productos indicados
Authorized users vLex Global
-- vLex Global (Academic Edition, excluding Law Schools)
-- vLex Global (U.S. Academic Edition, Law Schools)
-- vLex Global (U.S. Academic Edition, excluding Law Schools)
-- vLex Global (Academic Edition, Law Schools)
650 04 - SUBJECT ADDED ENTRY--TOPICAL TERM
Topical term or geographic name as entry element Procedimiento civil
Geographic subdivision España
650 04 - SUBJECT ADDED ENTRY--TOPICAL TERM
Topical term or geographic name as entry element Juicio sumario
Geographic subdivision España
650 04 - SUBJECT ADDED ENTRY--TOPICAL TERM
Topical term or geographic name as entry element Letras de cambio
Geographic subdivision España
General subdivision Derecho
700 1# - ADDED ENTRY--PERSONAL NAME
Personal name Adán Domenech, Federico
740 0# -
-- vLex Libros (Servicio en línea)
856 40 - LOCALIZACIÓN Y ACCESO ELECTRÓNICO
Identificador Uniforme del Recurso (URI/URL) https://app.vlex.com/#/sources/tutela-judicial-credito-1224
942 ## -
-- RAA
999 ## -
-- 161465
-- 161465

No hay ítems disponibles.


CONTACTO


NOSOTROS


SITIOS DE INTERES

coordinacion.biblioteca.biblioteca@unienlinea.mx Misión, Visión y Objetivos Bases de datos
Directorio Bibliotecas Digitales y Repositorios
Normatividad Revistas y artículos
Convenios interbibliotecarios
Boletines



Hecho en México. Universidad Insurgentes (UIN). Todos los derechos reservados 2024. Esta página y sus contenidos pueden ser reproducidos con fines no lucrativos, siempre y cuando no se mutile, se cite la fuente completa y su dirección electrónicas. De otra forma requiere permiso previo por escrito de la institución




2024 Copyright Universidad Insurgentes | www.bibliouin.com.mx